ბათუმის შოთა რუსთაველის სახელმწიფო უნივერსიტეტის ბიბლიოთეკა

კომუნიზმის შავი წიგნი (ბიბ.ჩანაწერი № 51326)

000 -LEADER
fixed length control field 01121nam a2200265Ia 4500
001 - CONTROL NUMBER
control field 18295
003 - CONTROL NUMBER IDENTIFIER
control field GE_BSU
008 - FIXED-LENGTH DATA ELEMENTS--GENERAL INFORMATION
fixed length control field 181216s||||||||xx |||||||||||||| ||und||
020 ## - INTERNATIONAL STANDARD BOOK NUMBER
International Standard Book Number 9789941180354
040 ## - CATALOGING SOURCE
Transcribing agency GE_BSU
080 ## - UNIVERSAL DECIMAL CLASSIFICATION NUMBER
Universal Decimal Classification number 321.64+323.282
100 ## - MAIN ENTRY--PERSONAL NAME
Personal name კურტუა,ს., ვერთი,ნ., პანე, ჟან-ლუი.,პაჩკოვსკი,ა.,და სხვ.
245 ## - TITLE STATEMENT
Title კომუნიზმის შავი წიგნი
245 ## - TITLE STATEMENT
Remainder of title დანაშაულები,ტერორი,რეპრესია
245 ## - TITLE STATEMENT
Statement of responsibility, etc. რედ. ი. რევიშვილი. ნ. ვაჩეიშვილი
260 ## - PUBLICATION, DISTRIBUTION, ETC.
Place of publication, distribution, etc. თბილისი
260 ## - PUBLICATION, DISTRIBUTION, ETC.
Name of publisher, distributor, etc. ილიას სახელმწიფო უნ-ტი
260 ## - PUBLICATION, DISTRIBUTION, ETC.
Date of publication, distribution, etc. 2011
300 ## - PHYSICAL DESCRIPTION
Extent 743გვ.24სმ.
300 ## - PHYSICAL DESCRIPTION
Accompanying material საძიებელი გვ.: 725-733., ბიბლ.გვ. 735-743
653 ## - INDEX TERM--UNCONTROLLED
Uncontrolled term დანაშაულები,ტერორი,რეპრესია
653 ## - INDEX TERM--UNCONTROLLED
Uncontrolled term კომუნიზმის შავი წიგნი
942 ## - ADDED ENTRY ELEMENTS (KOHA)
Koha item type წიგნი
ეგზემპლარები
Withdrawn status Lost status Damaged status Not for loan Date acquired Barcode Date last seen Price effective from Koha item type
        2018-12-17 46690 2018-12-17 2018-12-17 წიგნი
        2018-12-17 46691 2018-12-17 2018-12-17 წიგნი